|
|
|
|
| LEADER |
00000nab a2200000 a 4500 |
| 001 |
vtls000227675 |
| 003 |
SK-MaSNL |
| 005 |
20260426102345.0 |
| 008 |
111202c1985 xo 0 slo |
| 015 |
|
|
|a SNBRA19rr/mm-uuuuu
|
| 035 |
|
|
|a CL0237789
|
| 040 |
|
|
|a SNKBUCL
|b slo
|c SNKBUCL
|e AACR2
|
| 041 |
0 |
|
|a slo
|
| 044 |
|
|
|a xo
|c SK
|
| 080 |
|
|
|a 502.753
|2 1981
|
| 100 |
1 |
|
|a Svobodová, Zdenka,
|d 1927-2001
|4 aut
|
| 245 |
1 |
0 |
|a Význačná lokalita ohrozených druhov rastlín v Pohronskom Inovci
|c Zdenka Svobodová, Vladimír Řehořek
|
| 300 |
|
|
|b Res. rus. angl. Lit. 5 zázn.
|
| 650 |
0 |
7 |
|a ochrana prírody
|2 snkbucl
|9 3778
|
| 650 |
0 |
7 |
|a rastliny
|2 snkbucl
|9 690
|
| 651 |
|
7 |
|a Pohronský Inovec (Slovensko : pohorie)
|2 snkbucl
|9 164708
|
| 655 |
|
7 |
|a články zo zborníkov
|2 snkbucl
|9 166140
|
| 700 |
1 |
|
|a Řehořek, Vladimír,
|d 1933-2021
|4 aut
|9 38052
|
| 773 |
0 |
|
|t Rosalia - Spravodaj ochrany prírody okresu Nitra a CHKO Tríbeč - Vtáčnik
|d Nitra : Správa CHKO Tríbeč - Vtáčnik 1985, 1985
|g S. 131-137
|
| 850 |
|
|
|a Slovenská národná knižnica v Martine
|a MTA001
|
| 852 |
|
|
|a SNK
|b KIS3GCP
|
| 958 |
|
|
|a RK
|
| 992 |
|
|
|a RZB
|
| 999 |
|
|
|c 3253789
|d 3255719
|